Wybierz gminy graniczące z Łaziska Górne - Statystyki

Ogólne statystyki
  • Ten quiz został rozwiązany 16 razy
  • Średni wynik to 10 z 12
Statystyki odpowiedzi
Zagadnienie Komórka Select % Poprawnych
gminy graniczące z gminą Łaziska Górne Mikołów Tak
100%
gminy graniczące z gminą Łaziska Górne Orzesze Tak
100%
gminy graniczące z gminą Łaziska Górne Katowice Nie
91%
gminy graniczące z gminą Łaziska Górne Ruda Śląska Nie
91%
gminy graniczące z gminą Łaziska Górne Tychy Nie
91%
gminy graniczące z gminą Łaziska Górne Wyry Tak
91%
gminy graniczące z gminą Łaziska Górne Czerwionka-Leszczyny Nie
82%
gminy graniczące z gminą Łaziska Górne Gierałtowice Nie
82%
gminy graniczące z gminą Łaziska Górne Knurów Nie
82%
gminy graniczące z gminą Łaziska Górne Suszec Nie
82%
gminy graniczące z gminą Łaziska Górne Kobiór Nie
73%
gminy graniczące z gminą Łaziska Górne Żory Nie
73%
Nie znaleziono quizów pasujących do podanych kryteriów
Rozkład punktacji
Procent ludzi z każdym wynikiem
Percentyl według liczby udzielonych odpowiedzi
Twoja historia wyników
Nie rozwiązałeś tego quizu